Fluid Machinery Hydraulic Machines (Record no. 8189)
[ view plain ]
| 000 -LEADER | |
|---|---|
| fixed length control field | 00274nam a2200109Ia 4500 |
| 008 - FIXED-LENGTH DATA ELEMENTS--GENERAL INFORMATION | |
| fixed length control field | 191201s2019 xx 000 0 und d |
| 100 ## - MAIN ENTRY--PERSONAL NAME | |
| Personal name | SINGH, Sadhu |
| 245 #0 - TITLE STATEMENT | |
| Title | Fluid Machinery Hydraulic Machines |
| 260 ## - PUBLICATION, DISTRIBUTION, ETC. (IMPRINT) | |
| Name of publisher, distributor, etc | Khanna Publisher |
| Place of publication, distribution, etc | New Delhi |
| 300 ## - PHYSICAL DESCRIPTION | |
| Extent | 466 |
| 942 ## - ADDED ENTRY ELEMENTS (KOHA) | |
| Source of classification or shelving scheme | Dewey Decimal Classification |
| Koha item type | Text Books |
| Withdrawn status | Lost status | Source of classification or shelving scheme | Damaged status | Not for loan | Collection code | Home library | Current library | Date acquired | Source of acquisition | Cost, normal purchase price | Bill Number | Total Checkouts | Full call number | Acc. no. / Barcode | Date last seen | Actual Cost, discounted price | Bill Date | Koha item type |
|---|---|---|---|---|---|---|---|---|---|---|---|---|---|---|---|---|---|---|
| Dewey Decimal Classification | Diploma in Mechanical | PIET C-LIBRARY | PIET C-LIBRARY | 18/05/2019 | KIRTI PRAKASHAN, NEW DELHI | 350.00 | IN3913 | 621.26 SIF | DE1354 | 04/12/2019 | 255.50 | 18/05/2019 | Text Books | |||||
| Dewey Decimal Classification | Diploma in Mechanical | PIET C-LIBRARY | PIET C-LIBRARY | 18/05/2019 | KIRTI PRAKASHAN, NEW DELHI | 350.00 | IN3913 | 621.26 SIF | DE1355 | 04/12/2019 | 255.50 | 18/05/2019 | Text Books | |||||
| Dewey Decimal Classification | Diploma in Mechanical | PIET C-LIBRARY | PIET C-LIBRARY | 18/05/2019 | KIRTI PRAKASHAN, NEW DELHI | 350.00 | IN3913 | 621.26 SIF | DE1356 | 04/12/2019 | 255.50 | 18/05/2019 | Text Books |